000 00592nam a2200193Ia 4500
003 GCL
008 140319s9999 xx 000 0 ara d
040 _aGCL /
_cGCL
082 0 4 _a239.4
_bا ه
100 1 _aامين دويدار
245 1 0 _aالهجرة الى المدينة المنورة /
_cامين دويدار
260 _a[S.N] :
_bدار المعارف ،
_c1987
300 _a229 ص
490 _aصور من حياة الرسول
_v0
650 0 4 _aالاسلام
650 0 4 _aالسيرة النبوية
650 0 4 _aالتاريخ الاسلامى
942 _2ddc
_cBK
999 _c54393
_d54393